Youtubers - Statistics

General Stats
  • This quiz has been taken 516 times
  • The average score is 4 of 6
Answer Stats
Hint Answer % Correct
Kreek____ Kreekcraft
82%
___ Daily Nas Daily
82%
You know him MrBeast
75%
Speed runs Minecraft Dream
72%
Interesting guy Zack D Films
63%
Kills guests in theme park tycoon Vitamin Delicius
32%
No matching quizzes found
Score Distribution
Percent of People with Each Score
Percentile by Number Answered
Your Score History
You have not taken this quiz